Statistics for What color is this?

Click here to take the quiz!

General Stats

  • This quiz has been taken 37 times
    (8 since last reset)
  • The average score is 5 of 15

Answer Stats

HintAnswer% Correct
Firetruckred
100%
grassgreen
60%
pantherblack
40%
dirtbrown
40%
The skysky blue
40%
polar bearwhite
40%
school busyellow
40%
the oceanblue
20%
grapespurple
20%
strawberryred
20%
the sunyellow
20%
sunfloweryellow
20%
footballsbrown
0%
bearsbrown
0%
basketballsorange
0%

Score Distribution

Percentile by Number Answered

Percent of People with Each Score

Your Score History

You have not taken this quiz since the last reset